000 00645nam a2200181 i 4500
001 19876
003 ES-MaACL
005 20230906152201.0
007 t|
008 021023s1933 sp ||||1| spa d
100 1 _aÁlvarez Quintero, Serafín,
_d1871-1938
_9226443
245 1 0 _aJuanito Arroyo se casa
_b: comedia en tres actos y un prólogo /
_cSerafín y Joaquín Alvarez Quintero.
260 _aMadrid :
_b[s.n.],
_c1933 (
_fImp. Hijos de Tomás Minuesa)
300 _a84 p. ;
_c19 cm.
700 1 _aÁlvarez Quintero, Joaquín,
_d1873-1944
_920922
852 _aES-MaACL
_jB-8481(2)
_q. - Encuadernado con otras obras
999 _c19876
_d19876